Từ điển chính tả tiếng Việt thông dụng

Gồm 3 phần. Phần 1 chính tả tiếng Việt từ A-Y không có cập phụ âm đầu đối lập về chính tả. Phần hai chính tả các cập phụ âm đầu và các cặp vần dễ nhầm lẫn,...

Salvato in:
Dettagli Bibliografici
Autore principale: Nguyễn, Trọng Báu
Natura: Libro
Lingua:Undetermined
Pubblicazione: Hà Nội Khoa học Xã hội 2004
Soggetti:
Tags: Aggiungi Tag
Nessun Tag, puoi essere il primo ad aggiungerne! !
Thư viện lưu trữ: Trung tâm Học liệu Trường Đại học Cần Thơ
LEADER 00904nam a2200217Ia 4500
001 CTU_148263
008 210402s9999 xx 000 0 und d
020 |c 60000 
082 |a 495.9223 
082 |b B111 
100 |a Nguyễn, Trọng Báu 
245 0 |a Từ điển chính tả tiếng Việt thông dụng 
245 0 |c Nguyễn Trọng Báu 
260 |a Hà Nội 
260 |b Khoa học Xã hội 
260 |c 2004 
520 |a Gồm 3 phần. Phần 1 chính tả tiếng Việt từ A-Y không có cập phụ âm đầu đối lập về chính tả. Phần hai chính tả các cập phụ âm đầu và các cặp vần dễ nhầm lẫn,... 
650 |a Vietnamese language,Tiếng Việt 
650 |x Spelling,Phát âm 
904 |i Năm 
980 |a Trung tâm Học liệu Trường Đại học Cần Thơ